000 00204 a2200097 4500
001 1982
100 _aCourt,WHB
245 _aEconomic History of Britain
260 _a
_bCambridge
_c
090 _c1470
_d1470
942 _aNUST-CAE
_cM
_c5225
999 _c237055
_d237055